000 00273pam a2200121 a 4500
020 _c
041 _aeng
100 _aBurnham James.
245 _aThe Managerial Revelutions
_hTextual Documents
260 _aNew York
_bPenguin Books Ltd
300 _a238p.
930 _a15148
999 _c92048
_d92048